<?xml version="1.0" encoding="UTF-8"?>
<collection xmlns="http://www.loc.gov/MARC21/slim">
 <record>
  <leader>00715pamaa2200205   4500</leader>
  <controlfield tag="001">0000050921</controlfield>
  <controlfield tag="005">20121217090000.0</controlfield>
  <controlfield tag="008">121217s1998                             eng  </controlfield>
  <datafield tag="020" ind1="0" ind2="0">
   <subfield code="a">9839747258 / 1856495841 (pbk.) </subfield>
  </datafield>
  <datafield tag="090" ind1="0" ind2="0">
   <subfield code="a">HF1713 </subfield>
   <subfield code="b">DAS 1998</subfield>
  </datafield>
  <datafield tag="100" ind1="1" ind2="0">
   <subfield code="a">Das </subfield>
  </datafield>
  <datafield tag="245" ind1="1" ind2="4">
   <subfield code="a">The WTO agreements : </subfield>
   <subfield code="b">deficiencies, imbalances and required changes  </subfield>
   <subfield code="c">Bhagirath Lal Das.</subfield>
  </datafield>
  <datafield tag="260" ind1="0" ind2="0">
   <subfield code="a">Penang, Malaysia: </subfield>
   <subfield code="b">TWN, Third World Network, </subfield>
   <subfield code="c">1998.</subfield>
  </datafield>
  <datafield tag="300" ind1=" " ind2=" ">
   <subfield code="a">xii, 122 p.; </subfield>
   <subfield code="c">24 cm.</subfield>
  </datafield>
  <datafield tag="650" ind1="0" ind2="0">
   <subfield code="a">Uruguay Round (1987-1994) </subfield>
  </datafield>
  <datafield tag="650" ind1="0" ind2="0">
   <subfield code="a">Free trade -- </subfield>
   <subfield code="x">Developing countries </subfield>
  </datafield>
  <datafield tag="650" ind1="0" ind2="0">
   <subfield code="a">Competition, Unfair -- </subfield>
   <subfield code="x">Developing countries </subfield>
  </datafield>
  <datafield tag="650" ind1="0" ind2="0">
   <subfield code="a">Tariff </subfield>
  </datafield>
  <datafield tag="650" ind1="0" ind2="0">
   <subfield code="a">World Trade Organization </subfield>
  </datafield>
  <datafield tag="901" ind1=" " ind2=" ">
   <subfield code="u">http://www.twn.com</subfield>
  </datafield>
 </record>
</collection>
